000 00554nam a2200193 a 4500
001 1771297337504
003 YourLibrary
005 20260220115232.0
008 260217s2003##################000#0#eng##
020 _a9780521812832
082 0 4 _a330.0151936
_bYAT
100 1 _aYatchew, Adonis,
_eauthor.
245 1 0 _aSemiparametric Regression for the Applied Econometrician :
260 _bCambridge University Press,
_c2003.
300 _a234 pages
650 0 _aBusiness & Economics.
942 _cENGLISH
040 _aYourLibrary
_beng
_cYourLibrary
999 _c613976
_d613976